[Event "USA-ch U20 Girls"]
[Site "Saint Louis"]
[Date "2017.07.16"]
[Round "9"]
[White "Ulrich, Rachel J"]
[Black "Wang, Annie"]
[Result "1/2-1/2"]
[WhiteElo "2049"]
[BlackElo "2023"]
[PlyCount "162"]
[EventDate "2017.07.08"]
[EventType "tourn"]
[EventRounds "9"]
[EventCountry "USA"]
[SourceTitle "CBM 179 Extra"]
[Source "ChessBase"]
[SourceDate "2017.08.23"]
[SourceVersion "1"]
[SourceVersionDate "2017.08.23"]
[SourceQuality "1"]

1. e4 e5 2. Nf3 Nc6 3. Bb5 a6 4. Ba4 Nf6 5. 0-0 Be7 6. Re1 b5 7. Bb3 d6 8. c3 0-0 9. h3 Nb8 10. d4 Nbd7 11. Nbd2 Bb7 12. Bc2 Re8 13. Nf1 Bf8 14. Ng3 g6 15. a4 c5 16. d5 c4 17. Bg5 h6 18. Be3 Nc5 19. Qd2 h5 20. Bxc5 dxc5 21. Nf1 Qc7 22. Qg5 Nh7 23. Qe3 Qd6 24. Reb1 Rab8 25. N1d2 Bc8 26. axb5 axb5 27. Ng5 Nxg5 28. Qxg5 Kh7 29. Qe3 Bh6 30. Qe2 Re7 31. b3 cxb3 32. Rxb3 Reb7 33. Nf3 Bd7 34. Rba3 Qe7 35. Ra5 c4 36. Ra8 Qe8 37. Rxb8 Qxb8 38. Qd1 Bg7 39. Ra6 Ra7 40. Qa1 Rxa6 41. Qxa6 Kg8 42. Nd2 Bf8 43. Qf6 Qa8 44. Nf3 Qa1+ 45. Kh2 Qxc3 46. Ng5 Be8 47. Qd8 Qxc2 48. Qxe8 Qxf2 49. d6 Qf4+ 50. Kh1 c3 51. d7 c2 52. Qxf8+ Kxf8 53. d8Q+ Kg7 54. Ne6+ fxe6 55. Qc7+ Qf7 56. Qxc2 Qf1+ 57. Kh2 Qc4 58. Qb2 Qc5 59. Qb3 Qb6 60. Qb4 Kf7 61. Qd2 Qd4 62. Qc2 Qd6 63. Qf2+ Kg7 64. Qa7+ Kh6 65. Qe3+ g5 66. h4 Qe7 67. Qc3 g4 68. Qxe5 Kg6 69. Qxb5 Qxh4+ 70. Kg1 Qe1+ 71. Kh2 Qxe4 72. Qe8+ Kg5 73. Qe7+ Kf4 74. Qf6+ Ke3 75. Qc3+ Ke2 76. Qb2+ Kd3 77. Qb3+ Kd2 78. Qa2+ Ke3 79. Qa7+ Kf4 80. g3+ Kf3 81. Qf2+ Kxf2 1/2-1/2

[Event "USA-ch U20 Girls"]
[Site "Saint Louis"]
[Date "2017.07.15"]
[Round "8"]
[White "Nguyen, Emily"]
[Black "Ulrich, Rachel J"]
[Result "1/2-1/2"]
[WhiteElo "2048"]
[BlackElo "2049"]
[PlyCount "98"]
[EventDate "2017.07.08"]
[EventType "tourn"]
[EventRounds "9"]
[EventCountry "USA"]
[SourceTitle "CBM 179 Extra"]
[Source "ChessBase"]
[SourceDate "2017.08.23"]
[SourceVersion "1"]
[SourceVersionDate "2017.08.23"]
[SourceQuality "1"]

1. d4 d5 2. c4 c6 3. Nf3 Nf6 4. Nc3 e6 5. e3 a6 6. b3 Bb4 7. Bd2 Nbd7 8. Bd3 0-0 9. 0-0 Bd6 10. e4 dxc4 11. bxc4 e5 12. d5 Nc5 13. Bc2 Qc7 14. h3 b5 15. Bg5 Nfd7 16. dxc6 Qxc6 17. cxb5 axb5 18. Nxb5 Qxb5 19. Qxd6 Qc4 20. Rfc1 Rxa2 21. Rxa2 Qxa2 22. Nxe5 Qe6 23. Be7 Re8 24. Nxd7 Qxd7 25. Qxc5 Qxe7 26. Bb3 Bb7 27. Bd5 Qxc5 28. Rxc5 Bxd5 29. Rxd5 g6 30. e5 h5 31. f4 Rb8 32. Kf2 Rb3 33. Rd2 Kf8 34. Re2 Ke7 35. Re3 Rb4 36. Kf3 f6 37. g4 hxg4+ 38. hxg4 fxe5 39. Rxe5+ Kf6 40. g5+ Kf7 41. Ra5 Rb1 42. Ra7+ Kf8 43. Ra6 Kg7 44. Rf6 Rb3+ 45. Ke4 Rb4+ 46. Kd5 Rb5+ 47. Kc6 Ra5 48. Rd6 Ra4 49. Rd7+ Kf8 1/2-1/2

[Event "USA-ch U20 Girls"]
[Site "Saint Louis"]
[Date "2017.07.12"]
[Round "5"]
[White "Ulrich, Rachel J"]
[Black "Yip, Carissa"]
[Result "1-0"]
[WhiteElo "2049"]
[BlackElo "2261"]
[PlyCount "71"]
[EventDate "2017.07.08"]
[EventType "tourn"]
[EventRounds "9"]
[EventCountry "USA"]
[SourceTitle "CBM 179 Extra"]
[Source "ChessBase"]
[SourceDate "2017.08.23"]
[SourceVersion "1"]
[SourceVersionDate "2017.08.23"]
[SourceQuality "1"]

1. e4 c5 2. Nf3 d6 3. d4 cxd4 4. Nxd4 Nf6 5. Nc3 a6 6. Be3 e5 7. Nb3 Be6 8. f3 Nbd7 9. Qd2 b5 10. 0-0-0 Be7 11. g4 b4 12. Nd5 Bxd5 13. exd5 Nb6 14. Bxb6 Qxb6 15. Kb1 0-0 16. h4 a5 17. g5 Nh5 18. Bd3 a4 19. Nc1 Qa7 20. Ne2 Rfb8 21. f4 Bd8 22. fxe5 b3 23. a3 bxc2+ 24. Qxc2 g6 25. e6 f5 26. Nc3 Qc5 27. Ka1 Rc8 28. Rc1 Be7 29. Nxa4 Qxc2 30. Bxc2 Ng3 31. Rhe1 Rxc2 32. Rxc2 Rxa4 33. Rc8+ Kg7 34. Rec1 f4 35. Re8 Ra7 36. Rcc8 1-0

[Event "USA-ch U20 Girls"]
[Site "Saint Louis"]
[Date "2017.07.11"]
[Round "4"]
[White "Bykovtsev, Agata"]
[Black "Ulrich, Rachel J"]
[Result "1-0"]
[WhiteElo "2045"]
[BlackElo "2049"]
[PlyCount "57"]
[EventDate "2017.07.08"]
[EventType "tourn"]
[EventRounds "9"]
[EventCountry "USA"]
[SourceTitle "CBM 179 Extra"]
[Source "ChessBase"]
[SourceDate "2017.08.23"]
[SourceVersion "1"]
[SourceVersionDate "2017.08.23"]
[SourceQuality "1"]

1. e4 c5 2. Nf3 d6 3. Nc3 Nf6 4. d4 cxd4 5. Nxd4 a6 6. Bc4 e6 7. 0-0 b5 8. Bb3 Be7 9. Qf3 Qb6 10. Be3 Qb7 11. Qg3 0-0 12. Bh6 Ne8 13. Rfe1 Bf6 14. Be3 Bd7 15. f3 a5 16. a4 bxa4 17. Nxa4 Na6 18. Nb6 Qxb6 19. Nxe6 Nc5 20. Nxf8 Kxf8 21. f4 Qc7 22. Bd5 Rb8 23. e5 dxe5 24. fxe5 Bxe5 25. Qxe5 Qxe5 26. Bxc5+ Qd6 27. Rxe8+ Kxe8 28. Bxd6 Rxb2 29. Bb3 1-0

[Event "Wisconsin Int"]
[Site "Madison"]
[Date "2017.06.14"]
[Round "2"]
[White "Santarius, Erik F"]
[Black "Ulrich, Rachel J"]
[Result "1/2-1/2"]
[WhiteElo "2291"]
[BlackElo "2073"]
[PlyCount "95"]
[EventDate "2017.06.13"]
[EventType "swiss"]
[EventRounds "9"]
[EventCountry "USA"]
[SourceTitle "CBM 179 Extra"]
[Source "ChessBase"]
[SourceDate "2017.08.23"]
[SourceVersion "1"]
[SourceVersionDate "2017.08.23"]
[SourceQuality "1"]

1. e4 c5 2. Nf3 d6 3. Bb5+ Nd7 4. d4 cxd4 5. Qxd4 a6 6. Bxd7+ Bxd7 7. Bg5 h6 8. Bh4 Rc8 9. Nc3 e5 10. Qd3 g5 11. Bg3 Nf6 12. h4 g4 13. Nd2 Be7 14. Nc4 Qc7 15. Ne3 Be6 16. 0-0-0 Qa5 17. Ned5 Bxd5 18. Nxd5 Nxd5 19. Qxd5 Qxd5 20. Rxd5 Rc4 21. Re1 0-0 22. b3 Rc6 23. a4 Kg7 24. c4 Kf6 25. Kd2 Ke6 26. Ke2 Rc5 27. f3 gxf3+ 28. Kxf3 Rxd5 29. cxd5+ Kd7 30. Rc1 h5 31. Be1 f5 32. exf5 Rxf5+ 33. Ke2 Rf4 34. Rc4 Rf8 35. Ba5 Bd8 36. Bxd8 Rxd8 37. g4 b5 38. axb5 axb5 39. Re4 hxg4 40. Rxg4 Ke7 41. Rg7+ Kf6 42. Rh7 Kf5 43. Ke3 Rc8 44. Rf7+ Kg4 45. Rd7 Kf5 46. Rf7+ Kg6 47. Rd7 Kf5 48. Rf7+ 1/2-1/2

[Event "Chicago op 26th"]
[Site "Chicago"]
[Date "2017.05.28"]
[Round "7"]
[White "Lapan, Dan"]
[Black "Ulrich, Rachel J"]
[Result "1-0"]
[WhiteElo "2194"]
[BlackElo "2073"]
[PlyCount "135"]
[EventDate "2017.05.25"]
[EventType "swiss"]
[EventRounds "9"]
[EventCountry "USA"]
[SourceTitle "CBM 178 Extra"]
[Source "ChessBase"]
[SourceDate "2017.06.22"]
[SourceVersion "1"]
[SourceVersionDate "2017.06.22"]
[SourceQuality "1"]

1. e4 c5 2. g3 d5 3. exd5 Qxd5 4. Nf3 Bg4 5. Bg2 Nc6 6. h3 Qe6+ 7. Kf1 Bh5 8. Nc3 Nf6 9. d3 Qd7 10. g4 Bg6 11. Bf4 e6 12. Ne5 Nxe5 13. Bxe5 Bd6 14. Bxf6 gxf6 15. Qf3 Be5 16. Ne4 Bxe4 17. Qxe4 h5 18. Ke2 0-0-0 19. Qc4 Qc7 20. c3 Bf4 21. Bf3 hxg4 22. hxg4 Qe5+ 23. Qe4 Bh2 24. Kf1 Qxe4 25. Bxe4 Rh4 26. Ke2 Rdh8 27. Bf3 Kc7 28. a4 Bf4 29. Rhf1 Rh2 30. a5 Rb8 31. Ra4 Bd6 32. d4 Rc8 33. dxc5 Bxc5 34. Rc4 Kb8 35. b4 Bd6 36. Rxc8+ Kxc8 37. Be4 Rh3 38. f3 Rh2+ 39. Kd3 Kc7 40. Kc4 a6 41. Rd1 Bf4 42. Rb1 Ra2 43. Kb3 Re2 44. Kc4 Ra2 45. Rd1 Rd2 46. Rf1 Rb2 47. Bh7 Kd6 48. Rd1+ Rd2 49. Rb1 Ra2 50. Rb3 Rh2 51. Be4 Kc7 52. b5 Ra2 53. bxa6 bxa6 54. Rb7+ Kd8 55. Rxf7 Be5 56. f4 Bxf4 57. Rxf6 Ra4+ 58. Kd3 Be5 59. Rxe6 Rxa5 60. Bb7 Rc5 61. c4 a5 62. Bd5 Bb2 63. Rb6 Bc1 64. Ra6 Bb2 65. g5 Ke7 66. g6 Kf8 67. Ke4 Bc3 68. Ra7 1-0

[Event "Chicago Clark Street Capital op"]
[Site "Chicago"]
[Date "2017.04.15"]
[Round "6"]
[White "Ulrich, Rachel J"]
[Black "Furfine, Jacob"]
[Result "1-0"]
[WhiteElo "2081"]
[BlackElo "2163"]
[PlyCount "103"]
[EventDate "2017.04.12"]
[EventType "swiss"]
[EventRounds "9"]
[EventCountry "USA"]
[SourceTitle "CBM 177 Extra"]
[Source "ChessBase"]
[SourceDate "2017.04.27"]
[SourceVersion "1"]
[SourceVersionDate "2017.04.27"]
[SourceQuality "1"]

1. e4 c5 2. Nf3 d6 3. d4 cxd4 4. Nxd4 Nf6 5. Nc3 a6 6. Be3 e5 7. Nb3 Be6 8. f3 Be7 9. Qd2 0-0 10. 0-0-0 a5 11. a4 Nc6 12. g4 Nb4 13. g5 Nh5 14. Kb1 Rc8 15. Bb5 g6 16. h4 f5 17. Qf2 Rxc3 18. bxc3 Na6 19. Bb6 Qc8 20. Qd2 fxe4 21. fxe4 Rf4 22. Qe3 h6 23. gxh6 Nf6 24. Rdg1 Bg4 25. Nd2 d5 26. exd5 Nxd5 27. Qd3 Qe6 28. h5 gxh5 29. Be3 Nxe3 30. Qxe3 Kh7 31. Re1 Nc7 32. Qxe5 Qxe5 33. Rxe5 Bd6 34. Bd3+ Kxh6 35. Re4 Nd5 36. Kb2 Nb6 37. Kb3 Rxe4 38. Nxe4 Be7 39. c4 Bd7 40. Ng3 h4 41. Nf5+ Bxf5 42. Bxf5 Kg5 43. Bh3 Kf4 44. Rg1 Bc5 45. Rg4+ Ke5 46. Rxh4 Bf2 47. Rh5+ Kd6 48. Rxa5 Bc5 49. Bg4 Bf2 50. Rf5 Bd4 51. Rf8 Kc7 52. a5 1-0

[Event "Chicago Clark Street Capital op"]
[Site "Chicago"]
[Date "2017.04.13"]
[Round "2"]
[White "Chandra, Akshat"]
[Black "Ulrich, Rachel J"]
[Result "1-0"]
[WhiteElo "2489"]
[BlackElo "2081"]
[PlyCount "53"]
[EventDate "2017.04.12"]
[EventType "swiss"]
[EventRounds "9"]
[EventCountry "USA"]
[SourceTitle "CBM 177 Extra"]
[Source "ChessBase"]
[SourceDate "2017.04.27"]
[SourceVersion "1"]
[SourceVersionDate "2017.04.27"]
[SourceQuality "1"]

1. e4 c5 2. Nf3 d6 3. Bb5+ Nd7 4. c3 Ngf6 5. Qe2 a6 6. Ba4 e5 7. 0-0 Be7 8. d4 b5 9. Bc2 0-0 10. Rd1 Qc7 11. a4 Rb8 12. axb5 axb5 13. b3 Re8 14. d5 Bf8 15. Bd3 b4 16. Qc2 Qb6 17. Nfd2 bxc3 18. Nxc3 g6 19. Bb5 Bb7 20. Nc4 Qc7 21. Bg5 Bg7 22. Ra7 Ra8 23. Bxd7 Nxd7 24. Nb5 Qb8 25. Rxa8 Bxa8 26. Nbxd6 Rf8 27. Be7 1-0

[Event "Chicago Clark Street Capital op"]
[Site "Chicago"]
[Date "2017.04.12"]
[Round "1"]
[White "Ulrich, Rachel J"]
[Black "Mitkov, Nikola"]
[Result "0-1"]
[WhiteElo "2081"]
[BlackElo "2444"]
[PlyCount "90"]
[EventDate "2017.04.12"]
[EventType "swiss"]
[EventRounds "9"]
[EventCountry "USA"]
[SourceTitle "CBM 177 Extra"]
[Source "ChessBase"]
[SourceDate "2017.04.27"]
[SourceVersion "1"]
[SourceVersionDate "2017.04.27"]
[SourceQuality "1"]

1. e4 e5 2. Nf3 Nc6 3. Bb5 a6 4. Ba4 d6 5. c3 Bd7 6. d4 Nf6 7. Nbd2 g6 8. 0-0 b5 9. Bc2 Bg7 10. Re1 0-0 11. a4 Re8 12. Bd3 exd4 13. axb5 dxc3 14. bxc3 axb5 15. Rxa8 Qxa8 16. Bxb5 Ne5 17. Bxd7 Nfxd7 18. Qc2 Nxf3+ 19. Nxf3 Nc5 20. Be3 Qxe4 21. Qxe4 Nxe4 22. Bd4 f5 23. Bxg7 Kxg7 24. Nd4 Kf7 25. Nb5 c6 26. Nd4 c5 27. Nb5 Rb8 28. f3 Rxb5 29. fxe4 Rb3 30. exf5 Rxc3 31. Rd1 Ke7 32. f6+ Kxf6 33. Rxd6+ Ke5 34. Rd7 h5 35. Kf2 h4 36. Rg7 Kf6 37. Rc7 g5 38. Ke2 Ke5 39. Kd2 Rc4 40. Ke3 Re4+ 41. Kf3 g4+ 42. Kf2 c4 43. h3 gxh3 44. gxh3 Kd4 45. Kf3 Kd3 0-1

[Event "Washington Congress 3rd"]
[Site "Arlington"]
[Date "2016.10.09"]
[Round "7"]
[White "Srinivas, Vivek"]
[Black "Ulrich, Rachel J"]
[Result "1/2-1/2"]
[WhiteElo "1916"]
[BlackElo "2114"]
[PlyCount "73"]
[EventDate "2016.10.05"]
[EventType "swiss"]
[EventRounds "9"]
[EventCountry "USA"]
[SourceTitle "EXT 2018"]
[Source "ChessBase"]
[SourceDate "2017.10.13"]
[SourceVersion "1"]
[SourceVersionDate "2017.10.13"]
[SourceQuality "1"]

1. e4 c5 2. Nc3 d6 3. g3 g6 4. Bg2 Nc6 5. d3 Bg7 6. f4 e6 7. Nf3 Nge7 8. 0-0 0-0 9. Be3 Rb8 10. h3 b5 11. a3 a5 12. Rb1 b4 13. Ne2 Ba6 14. Kh2 Qc7 15. Qd2 Rfc8 16. g4 f5 17. Ng3 fxe4 18. Nxe4 Nd5 19. Nfg5 Nxe3 20. Qxe3 Re8 21. c3 h6 22. Nf3 Kh7 23. axb4 axb4 24. Rfe1 Ne7 25. h4 Nd5 26. Qd2 Nf6 27. Nxf6+ Bxf6 28. g5 hxg5 29. Nxg5+ Bxg5 30. hxg5 bxc3 31. bxc3 Qf7 32. Re3 Bb7 33. Bxb7 Rxb7 34. Rh3+ Kg8 35. Qf2 Qg7 36. d4 Reb8 37. Qe3 1/2-1/2

[Event "World op 43rd"]
[Site "Arlington"]
[Date "2015.07.02"]
[Round "3"]
[White "Ulrich, Rachel J"]
[Black "Kretchetov, Alexandre"]
[Result "0-1"]
[WhiteElo "2181"]
[BlackElo "2327"]
[PlyCount "62"]
[EventDate "2015.07.01"]
[EventType "swiss"]
[EventRounds "9"]
[EventCountry "USA"]
[SourceTitle "CBM 167 Extra"]
[Source "ChessBase"]
[SourceDate "2015.09.14"]
[SourceVersion "1"]
[SourceVersionDate "2015.09.14"]
[SourceQuality "1"]

1. e4 e5 2. Nf3 Nc6 3. Bb5 g6 4. 0-0 Bg7 5. c3 d6 6. d4 Bd7 7. Re1 Nge7 8. d5 Nb8 9. Bxd7+ Nxd7 10. c4 0-0 11. Nc3 h6 12. Nd2 f5 13. f3 f4 14. a3 h5 15. b4 g5 16. Na4 Nf6 17. c5 Rf7 18. Bb2 Bf8 19. Rc1 Rg7 20. Qc2 Ng6 21. cxd6 cxd6 22. Qd3 g4 23. Rc2 Nh4 24. Nc3 gxf3 25. Nxf3 Ng4 26. Rce2 Qb6+ 27. Kf1 Nxf3 28. gxf3 Nxh2+ 29. Rxh2 Qg1+ 30. Ke2 Qxh2+ 31. Kd1 Qg2 0-1

[Event "Toronto NAYCC U18 Girls"]
[Site "Toronto"]
[Date "2013.08.18"]
[Round "9"]
[White "Ulrich, Rachel J"]
[Black "Gorti, Akshita"]
[Result "0-1"]
[WhiteElo "2002"]
[BlackElo "1988"]
[PlyCount "68"]
[EventDate "2013.08.14"]
[EventType "swiss"]
[EventRounds "9"]
[EventCountry "CAN"]
[SourceTitle "EXT 2022"]
[Source "ChessBase"]
[SourceDate "2021.10.06"]
[SourceVersion "1"]
[SourceVersionDate "2021.10.06"]
[SourceQuality "1"]

1. e4 e6 2. d4 d5 3. Nc3 Bb4 4. e5 c5 5. a3 Bxc3+ 6. bxc3 Ne7 7. Qg4 cxd4 8. Qxg7 Rg8 9. Qxh7 Qc7 10. Ne2 Nbc6 11. Bf4 dxc3 12. h4 Bd7 13. Rh3 Qa5 14. h5 0-0-0 15. Qd3 d4 16. Nxd4 Qa4 17. Be3 Be8 18. Qxc3 Nd5 19. Qc4 Qxc4 20. Bxc4 Nxd4 21. Bxd4 Nf4 22. Rc3 Rxd4 23. Bxe6+ Kd8 24. Rc8+ Ke7 25. Bc4 Rxg2 26. Bf1 Re4+ 27. Kd2 Rxf2+ 28. Kc3 Bc6 29. Rc7+ Kd8 30. Bd3 Nd5+ 31. Kb2 Rh4 32. Rxc6 bxc6 33. e6 fxe6 34. Bg6 Nf4 0-1

[Event "Toronto NAYCC U18 Girls"]
[Site "Toronto"]
[Date "2013.08.15"]
[Round "3"]
[White "Regam, Jessica"]
[Black "Ulrich, Rachel J"]
[Result "1-0"]
[WhiteElo "2125"]
[BlackElo "2002"]
[PlyCount "123"]
[EventDate "2013.08.14"]
[EventType "swiss"]
[EventRounds "9"]
[EventCountry "CAN"]
[SourceTitle "EXT 2022"]
[Source "ChessBase"]
[SourceDate "2021.10.06"]
[SourceVersion "1"]
[SourceVersionDate "2021.10.06"]
[SourceQuality "1"]

1. e4 c5 2. Nf3 d6 3. d4 cxd4 4. Nxd4 Nf6 5. Nc3 a6 6. Qf3 g6 7. h3 Bg7 8. Be3 0-0 9. Be2 Nbd7 10. g4 Qc7 11. 0-0-0 Ne5 12. Qg2 Nc4 13. Bxc4 Qxc4 14. Kb1 Bd7 15. g5 Nh5 16. Nd5 Rae8 17. Rd3 Be6 18. Rc3 Qa4 19. Ra3 Qd7 20. Nb6 Qc7 21. Nxe6 fxe6 22. Qg4 Kh8 23. Qxe6 Nf4 24. Qg4 Qc6 25. Nd7 Rf7 26. Bxf4 Qxe4 27. Rf3 e5 28. Nf6 Bxf6 29. Bc1 Qd5 30. gxf6 e4 31. Re1 Re6 32. Rf4 Rexf6 33. Rxf6 Rxf6 34. Qxe4 Qxe4 35. Rxe4 Rxf2 36. b3 Rh2 37. h4 d5 38. Rd4 Kg8 39. Bg5 Kf7 40. Rxd5 Rh1+ 41. Kb2 Ke6 42. Rd4 Ke5 43. Rd7 h6 44. Bxh6 Rxh4 45. Bg7+ Kf5 46. Rxb7 g5 47. Ra7 g4 48. Rxa6 g3 49. Bf8 g2 50. Bc5 Rg4 51. Rd6 Rg8 52. Rd1 Ke4 53. a4 Rc8 54. b4 Rc6 55. a5 Rf6 56. Ra1 Ra6 57. b5 Ra8 58. b6 Kd5 59. Bg1 Kc6 60. a6 Rf8 61. b7 Rb8 62. Ba7 1-0

[Event "Toronto NAYCC U18 Girls"]
[Site "Toronto"]
[Date "2013.08.15"]
[Round "2"]
[White "Ulrich, Rachel J"]
[Black "Botez, Alexandra"]
[Result "0-1"]
[WhiteElo "2002"]
[BlackElo "2202"]
[PlyCount "116"]
[EventDate "2013.08.14"]
[EventType "swiss"]
[EventRounds "9"]
[EventCountry "CAN"]
[SourceTitle "EXT 2022"]
[Source "ChessBase"]
[SourceDate "2021.10.06"]
[SourceVersion "1"]
[SourceVersionDate "2021.10.06"]
[SourceQuality "1"]

1. e4 e6 2. d4 d5 3. Nc3 Nf6 4. e5 Nfd7 5. f4 c5 6. Nf3 Nc6 7. Be3 Rb8 8. Qd2 Qa5 9. Be2 b5 10. 0-0 b4 11. Nd1 Ba6 12. Nf2 Bxe2 13. Qxe2 cxd4 14. Nxd4 Nxd4 15. Bxd4 Bc5 16. Bxc5 Nxc5 17. a3 b3 18. cxb3 Nxb3 19. Rad1 Qb6 20. Qg4 0-0 21. Rd3 f5 22. exf6 Rxf6 23. Qg5 Nc5 24. Rh3 Ne4 25. Qh4 Rh6 26. Qe7 Rxh3 27. gxh3 a5 28. Kg2 Qd6 29. Qa7 Nd2 30. Rd1 Nc4 31. Qd4 Qb6 32. Qxb6 Rxb6 33. Re1 Nxb2 34. f5 exf5 35. Re5 Nc4 36. Re8+ Kf7 37. Ra8 Rb3 38. a4 Ra3 39. Ra7+ Kg6 40. Ra6+ Kh5 41. Ra7 Kh6 42. Rd7 Rxa4 43. Kg3 f4+ 44. Kg2 Ne3+ 45. Kf3 Rd4 46. h4 Nf5 47. Kg4 Kg6 48. h5+ Kf6 49. Ra7 Ne3+ 50. Kf3 a4 51. Ra6+ Kg5 52. Nh3+ Kf5 53. Ra7 a3 54. Rxa3 Ng4 55. Ra7 Rd3+ 56. Kg2 f3+ 57. Kg3 f2+ 58. Kh4 Rxh3+ 0-1

[Event "Arlington DC op 1st"]
[Site "Arlington"]
[Date "2013.07.01"]
[Round "9"]
[White "Ulrich, Rachel J"]
[Black "Nieto, Guillermo Luigui"]
[Result "0-1"]
[WhiteElo "1916"]
[BlackElo "1933"]
[PlyCount "198"]
[EventDate "2013.06.27"]
[EventType "swiss"]
[EventRounds "9"]
[EventCountry "USA"]
[SourceTitle "CBM 155 Extra"]
[Source "ChessBase"]
[SourceDate "2013.08.26"]
[SourceVersion "1"]
[SourceVersionDate "2013.08.26"]
[SourceQuality "1"]

1. e4 d5 2. exd5 Nf6 3. d4 Bg4 4. Be2 Bxe2 5. Nxe2 Qxd5 6. 0-0 Nc6 7. Nbc3 Qh5 8. Bf4 0-0-0 9. Bg3 e6 10. Qd2 Bd6 11. Nf4 Qf5 12. Nfe2 h5 13. Rad1 Bb4 14. Qf4 Qxf4 15. Bxf4 Bxc3 16. bxc3 Nd5 17. Bd2 Na5 18. Rb1 Nc4 19. Bg5 f6 20. Bc1 Rd6 21. Rb5 Ra6 22. Nf4 Nxf4 23. Bxf4 g5 24. Rc5 gxf4 25. Rxc4 Rxa2 26. Rc1 Rd8 27. f3 Rd5 28. g3 fxg3 29. hxg3 a5 30. Kf2 Kd7 31. Ke3 Kd6 32. Kd3 b5 33. Rc5 Rxc5 34. dxc5+ Kxc5 35. Rh1 Kc6 36. Rxh5 Ra1 37. c4 bxc4+ 38. Kxc4 Ra4+ 39. Kb3 Rb4+ 40. Kc3 Rb5 41. Rh6 Rf5 42. f4 Kb5 43. Rh7 Rc5+ 44. Kb2 f5 45. Rh8 Kc4 46. Ra8 Rb5+ 47. Kc1 Kb4 48. Ra7 c6 49. Re7 a4 50. Rxe6 c5 51. Ra6 c4 52. Kb2 c3+ 53. Ka2 Rd5 54. Rb6+ Ka5 55. Rc6 Kb4 56. Rb6+ Kc5 57. Ra6 Kb5 58. Ra8 Rd2 59. Rb8+ Kc4 60. Rc8+ Kd4 61. Kb1 Rd1+ 62. Ka2 Rc1 63. Rd8+ Ke4 64. Re8+ Kf3 65. Rf8 Rxc2+ 66. Kb1 Rb2+ 67. Kc1 a3 68. Rc8 Rb3 69. Kc2 a2 70. Ra8 Rb2+ 71. Kxc3 Rf2 72. Kd4 Re2 73. Ra3+ Kg4 74. Kd5 a1Q 75. Rxa1 Kxg3 76. Rg1+ Kxf4 77. Rf1+ Kg4 78. Rg1+ Kh3 79. Rf1 Kg4 80. Rg1+ Kf4 81. Rf1+ Kg5 82. Rg1+ Kf6 83. Rf1 Rd2+ 84. Kc4 Ke5 85. Kc3 Rd5 86. Kc4 Rd4+ 87. Kc3 f4 88. Re1+ Re4 89. Kd2 f3 90. Rh1 Re2+ 91. Kd3 Kf4 92. Rg1 Re7 93. Rg8 f2 94. Kd2 Kf3 95. Rf8+ Kg2 96. Rg8+ Kf1 97. Rf8 Rd7+ 98. Ke3 Ke1 99. Rxf2 Re7+ 0-1